|
|
|
|
| LEADER |
00000naa a22000007a 4500 |
| 001 |
vtls001516568 |
| 003 |
SK-MaSNL |
| 005 |
20260302134714.0 |
| 008 |
050301c2002 xo |r|p||n |100 b|slo |
| 015 |
|
|
|a SPKCL2005/01
|
| 038 |
|
|
|a SPK
|
| 040 |
|
|
|a SPKCL
|b slo
|c AACR2
|e AACR2
|
| 041 |
0 |
|
|a slo
|
| 044 |
|
|
|a xo
|c SK
|
| 080 |
|
|
|a 371.12
|2 UDC-MRF-SK2
|
| 080 |
|
|
|a 37.017
|2 UDC-MRF-SK2
|
| 100 |
1 |
|
|a Čerešníková, Miroslava,
|d 1975-
|4 aut
|9 224180
|
| 245 |
1 |
0 |
|a Osobnosť učiteľa v intenciách humanizácie
|c Miroslava Čerešníková
|
| 504 |
|
|
|a Bibliogr. odkazy
|b 5
|
| 650 |
0 |
7 |
|a osobnosť
|2 spk
|9 4341
|
| 650 |
0 |
7 |
|a učiteľ
|2 spk
|9 642006
|
| 650 |
0 |
7 |
|a humanistická pedagogika
|2 spk
|9 68649
|
| 650 |
0 |
7 |
|a humanizácia
|2 spk
|9 466047
|
| 650 |
0 |
7 |
|a vzťah učiteľ-žiak
|2 spk
|9 71238
|
| 773 |
0 |
|
|t Osobnosť učiteľa Rómov : zborník referátov z 3. medzinárodnej konferencie konanej dňa 28. novembra 2002 v Nitre
|d Nitra : Univerzita Konštantína Filozofa, 2002
|g S. 64-69
|z 808050590X
|
| 852 |
|
|
|a SPK
|b KIS3GCP
|
| 999 |
|
|
|c 1323421
|d 1325351
|